000 00425nam a2200157Ia 4500
003 GCL
008 140319s9999 xx 000 0 eng d
040 _aGCL /
_cGCL
082 0 4 _a550
_bH E
100 1 _aRAO, RAMESH K. S.
245 1 0 _aEARTH'S DYNAMIC SYSTEMS, 6th ed /
_cRAO, RAMESH K. S.
260 _a[S.N] :
_bMACMILLAN PUBLISHING COMPANY ،
_c1992
300 _a647 P
650 0 4 _aPHYSICAL GEOLOGY
942 _2ddc
_cBK
999 _c23184
_d23184